|
|
|
|
| LEADER |
00808ncm a22002532a 4500 |
| 001 |
001078184 |
| 003 |
CZ BrMZK |
| 005 |
20100323151241.0 |
| 007 |
qu |
| 008 |
091207s1968 xr |||||||||||||||||cze d |
| 040 |
|
|
|a BOA001
|b cze
|
| 072 |
|
7 |
|a 784
|x Vokální hudba
|2 Konspekt
|9 9
|
| 100 |
1 |
|
|a Hapka, Petr,
|d 1944-2014
|7 jn19981001418
|4 cmp
|
| 245 |
1 |
0 |
|a Quo vadis
|h [hudebnina] :
|b medium beat /
|c Petr Hapka ; text Josef Laufer
|
| 250 |
|
|
|a 1. vyd.
|
| 260 |
|
|
|a Praha :
|b Panton,
|c 1968
|
| 300 |
|
|
|a 3 s.
|
| 490 |
1 |
|
|a Pozdrav s písničkou ;
|v 14
|
| 700 |
1 |
|
|a Laufer, Josef,
|d 1939-2024
|7 jk01071658
|4 lyr
|
| 830 |
|
0 |
|a Pozdrav s písničkou
|
| 910 |
|
|
|a BOA001
|b Mus1-0618.214
|
| 990 |
|
|
|a MU
|
| 991 |
|
|
|b 201003
|
| 996 |
6 |
|
|b 2619448431
|c Mus1-0618.214
|l MZK
|r Sklad / do 1 hodiny
|n 0
|w 001099846
|u 000010
|a 1
|e BOA001
|j MZK50
|s P
|